Country Flight Destinations - Argentina - Statistics

General Stats
  • This quiz has been taken 27 times
  • The average score is 18 of 26
Answer Stats
Answer % Correct
Colombia
100%
United States
100%
Chile
96%
Mexico
96%
Paraguay
96%
Uruguay
96%
Brazil
91%
United Kingdom
91%
Canada
87%
France
87%
Ecuador
83%
Bolivia
78%
Spain
78%
Italy
70%
Netherlands
61%
Panama
61%
United Arab Emirates
61%
Germany
57%
China
48%
Turkey
48%
Portugal
43%
Switzerland
39%
Costa Rica
35%
Dominican Republic
30%
New Zealand
17%
Ethiopia
9%
No matching quizzes found
Score Distribution
Percent of People with Each Score
Percentile by Number Answered
Your Score History
You have not taken this quiz